Archives Européenes de Sociologie = European Journal of Sociology = Europäisches Archiv für Soziologie : A la recherche des classes perdues /
Guardado en:
| Formato: | Libro |
|---|---|
| Idioma: | Inglés |
| Temas: | |
| Etiquetas: |
Sin etiquetas, Sé el primero en etiquetar este registro!
|
MARC
| LEADER | 00000nam^a2200000^a^4500 | ||
|---|---|---|---|
| 001 | 000263037 | ||
| 005 | 20250521000000.0 | ||
| 009 | 20260310110602.92 | ||
| 037 | |a Acervo ITESO - Biblioteca | ||
| 041 | |a ING | ||
| 082 | |a 300. 5 |b ARC 1960 T. 1 V. 2 | ||
| 240 | 1 | 1 | |a [Archives Européenes de Sociologie] |
| 245 | 0 | 0 | |a Archives Européenes de Sociologie = |b European Journal of Sociology = Europäisches Archiv für Soziologie : A la recherche des classes perdues / |
| 264 | |a París, Francia : |a Londres, Inglaterra : |a Düsseldorf, Alemania : |b Plon, |c 1960 | ||
| 300 | |a p. 181-323 | ||
| 336 | |a texto |b txt |2 rdacontenido | ||
| 337 | |a sin mediación |b n |2 rdamedio | ||
| 338 | |a volumen |b nc |2 rdasoporte | ||
| 546 | |a Edición trilingüe alemán-holandés-inglés | ||
| 649 | |a XX | ||
| 650 | |a Sociología - |x Publicaciones Periódicas Europeas - |x Tema Principal | ||
| 650 | |a Obreros - |z Europa | ||
| 650 | |a Clase Política - |z Europa | ||
| 650 | |a Igualdad y Desigualdad - |z Europa | ||
| 650 | |a Conciencia de Clase - |z Europa | ||
| 650 | |a Movilidad Social - |z Europa | ||
| 650 | |a Clases Sociales - |z Europa | ||
| 650 | |a Estado, El - |z Europa | ||
| 650 | |a Democracia - |z Europa | ||
| 650 | |a Desarrollo Económico-Social - |z Rusia | ||
| 650 | |a Desarrollo Tecnológico - |z Rusia | ||
| 650 | |a Economía - |z Rusia - |x Historia - |y URSS, 1922-1991 | ||
| 650 | |a Crisis Política - |z Francia | ||
| 650 | |a Política - |z Francia - |x Historia - |y Quinta República, 1958 en Adelante | ||
| 650 | |a Sociología - |z EUA - |x Historia | ||
| 650 | |a Publicaciones Periódicas Europeas | ||
| 910 | |a Fondo General | ||
| 920 | |a Impresos - Libros | ||
| 930 | |a Colección General | ||
| 905 | |a 101 | ||
| 901 | |a 0500143864 |b IT1 |c ACC |u 20250521 | ||
| 902 | |a https://opac.biblio.iteso.mx/vufind/Record/000263037 | ||